First Place FIFA Ranking - Statistics

General Stats
  • This quiz has been taken 36 times
  • The average score is 7 of 8
Answer Stats
# days Country % Correct
1418 Argentina
97%
5070 Brazil
97%
1959 Spain
97%
1148 Germany
94%
483 France
92%
188 Italy
89%
1442 Belgium
86%
28 Netherlands
78%
No matching quizzes found
Score Distribution
Percent of People with Each Score
Percentile by Number Answered
Your Score History
You have not taken this quiz